000 00348nam a22001217a 4500
040 _cHS
082 _a658
100 _aវុន វ៉ារី
245 _aសៀវភៅមេរៀនការគ្រប់គ្រង និងអភីរក្សធនធាន
260 _aRUA
_bវុន វ៉ារី
300 _aNA
942 _cKB
999 _c8703
_d8703